| 000 | 00610nam a2200205 i 4500 | ||
|---|---|---|---|
| 001 | 35608 | ||
| 003 | ES-MaACL | ||
| 005 | 20230906155150.0 | ||
| 007 | t| | ||
| 008 | 030213s1970 sp ||||1| spa d | ||
| 100 | 1 |
_aBowman, W. C. _931153 |
|
| 245 | 1 | 0 |
_aFarmacología / _cW.C. Bowman, M.J. Rand, G.B. West ; versión... Hermenegildo Bedate. |
| 250 | _a[1ª ed.]. | ||
| 260 |
_aBarcelona : _bJims, _c1970. |
||
| 300 |
_aXIII, 984 p. : _bil. ; _c25 cm. |
||
| 700 | 1 |
_aRand, M. J. _995400 |
|
| 700 | 1 |
_aWest, G. B. _9116542 |
|
| 700 | 1 |
_aBedate, Hermenegildo. _926989 |
|
| 852 |
_aES-MaACL _jC-37563 _bR.72302 |
||
| 999 |
_c35608 _d35608 |
||